000 01216nam a2200205Ia 4500
003 Ost
005 20260507075002.0
008 260507s9999||||xx |||||||||||||| ||und||
040 _cfsecg
041 _aara
082 _a658.15932
100 _aراضي، محمد سامي
_eمؤلف
245 0 _aالمحاسبة عن المستشفيات والوحدات العلاجية /
_c محمد سامي راضي
260 _aالاسكندرية:
_bالدار الجامعية,
_c2007
300 _a195 صفحة؛
_bإيضاحات ؛
_c24 سم
520 _aالمحاسبة عن المستشفيات والوحدات العلاجية، الخصائص المميزة للمنشات غير الساعية لتحقيق الربح، التعريف بالمستشفيات وطبيعة وخصائص المستشفيات، النظام التشغيلي في المستشفيات، التنظيم الاداري في المستشفيات، الاطار العام المحاسبي في المستشفيات، الاجراءات و المعالجات المحاسبية في السجلات و الدفاتر.
653 _aالمحاسبة
653 _aالمستشفيات - ادارة مالية
942 _cكتاب
999 _c42082
_d42082